| 000 | 00662cab a2200229 4500 | ||
|---|---|---|---|
| 001 | WB3026-45 | ||
| 008 | 090401t xxu||||| |||| 00| 0 eng d | ||
| 035 | _a(Sirsi) u80822 | ||
| 041 | _aeng | ||
| 245 | _aRICS divisional presidents | ||
| 350 | _a0 | ||
| 490 |
_aRICS Press Release _v(PR102/94 - 105/94CORP, 107/94 - 110/94CORP) 1 & 6 |
||
| 520 | _aProfiles of the RICS divisional presidents for 1994/95. | ||
| 650 | _aDIVISIONAL PRESIDENTS | ||
| 650 | _aJUNIOR ORGANISATION | ||
| 650 | _aPROFILES | ||
| 650 | _aRICS DIVISIONS | ||
| 650 | _aRICS | ||
| 690 | _aMANAGEMENT-BUSINESS MANAGEMENT-PROFESSIONAL PRACTICE | ||
| 942 | _n0 | ||
| 948 | _c04/03/1997 | ||
| 999 |
_c50902 _d50902 |
||